<?xml version="1.0" encoding="UTF-8"?><?xml-stylesheet type="text/xsl" href="static/style.xsl"?><OAI-PMH xmlns="http://www.openarchives.org/OAI/2.0/" xmlns:xsi="http://www.w3.org/2001/XMLSchema-instance" xsi:schemaLocation="http://www.openarchives.org/OAI/2.0/ http://www.openarchives.org/OAI/2.0/OAI-PMH.xsd"><responseDate>2026-04-17T07:29:58Z</responseDate><request verb="GetRecord" identifier="oai:riubu.ubu.es:10259/10733" metadataPrefix="marc">https://riubu.ubu.es/oai/request</request><GetRecord><record><header><identifier>oai:riubu.ubu.es:10259/10733</identifier><datestamp>2025-07-23T00:05:32Z</datestamp><setSpec>com_10259_9431</setSpec><setSpec>com_10259_5087</setSpec><setSpec>com_10259_2728</setSpec><setSpec>col_10259_9432</setSpec></header><metadata><record xmlns="http://www.loc.gov/MARC21/slim" xmlns:doc="http://www.lyncode.com/xoai" xmlns:xsi="http://www.w3.org/2001/XMLSchema-instance" xmlns:dcterms="http://purl.org/dc/terms/" xsi:schemaLocation="http://www.loc.gov/MARC21/slim http://www.loc.gov/standards/marcxml/schema/MARC21slim.xsd">
<leader>00925njm 22002777a 4500</leader>
<datafield tag="042" ind1=" " ind2=" ">
<subfield code="a">dc</subfield>
</datafield>
<datafield tag="720" ind1=" " ind2=" ">
<subfield code="a">Valleros Luis, Marta</subfield>
<subfield code="e">author</subfield>
</datafield>
<datafield tag="260" ind1=" " ind2=" ">
<subfield code="c">2025-06-11</subfield>
</datafield>
<datafield tag="520" ind1=" " ind2=" ">
<subfield code="a">Este Trabajo de Fin de Grado tiene como finalidad diseñar una propuesta de intervención educativa&#xd;
basada en estrategias pedagógicas para la estimulación cognitiva de personas mayores de 60 años&#xd;
que han sufrido un ictus en la arteria cerebral posterior (ACP). A partir de una revisión teórica&#xd;
sobre las secuelas cognitivas y emocionales derivadas de este tipo de accidente cerebrovascular,&#xd;
se analizan las funciones más frecuentemente afectadas, como la memoria, la atención, la&#xd;
percepción visual, el lenguaje, las praxias y las funciones ejecutivas. Se destacan también los&#xd;
efectos que estas alteraciones pueden tener sobre la autonomía y la calidad de vida de la persona,&#xd;
así como la importancia de un acompañamiento educativo que contemple tanto la dimensión&#xd;
cognitiva como la emocional.&#xd;
El trabajo culmina con el desarrollo de una guía práctica de actividades estructuradas que, desde&#xd;
un enfoque pedagógico, personalizado y significativo, busca favorecer la recuperación funcional,&#xd;
reforzar la autoestima y promover la participación activa de la persona en su entorno. Esta&#xd;
propuesta pretende ser un recurso accesible y útil para profesionales del ámbito socioeducativo,&#xd;
así como para familias y personas cuidadoras, integrando técnicas adaptadas al perfil, las&#xd;
necesidades y los intereses de cada persona. En conjunto, se entiende la intervención educativa&#xd;
como una vía complementaria y necesaria para apoyar el proceso de estimulación cognitiva y&#xd;
emocional tras un ictus.</subfield>
</datafield>
<datafield tag="520" ind1=" " ind2=" ">
<subfield code="a">This Final Degree Project aims to design an educational intervention proposal based on&#xd;
pedagogical strategies for the cognitive stimulation of people over 60 years of age who have&#xd;
suffered a stroke in the posterior cerebral artery (PCA). Based on a theoretical review of the&#xd;
cognitive and emotional sequelae derived from this type of stroke, the most frequently affected&#xd;
functions are analysed, such as memory, attention, visual perception, language, praxias and&#xd;
executive functions. The effects that these alterations can have on the person's autonomy and&#xd;
quality of life are also highlighted, as well as the importance of educational support that takes into&#xd;
account both the cognitive and emotional dimensions.&#xd;
The work culminates with the development of a practical guide of structured activities that, from&#xd;
a pedagogical, personalised and meaningful approach, seeks to favour functional recovery,&#xd;
reinforce self-esteem and promote the active participation of the person in their environment. This&#xd;
proposal aims to be an accessible and useful resource for professionals in the socio-educational&#xd;
field, as well as for families and carers, integrating techniques adapted to the profile, needs and&#xd;
interests of each person. Overall, educational intervention is understood as a complementary and&#xd;
necessary way to support the process of cognitive and emotional stimulation after a stroke.</subfield>
</datafield>
<datafield tag="024" ind2=" " ind1="8">
<subfield code="a">https://hdl.handle.net/10259/10733</subfield>
</datafield>
<datafield ind1=" " ind2=" " tag="653">
<subfield code="a">Intervención educativa</subfield>
</datafield>
<datafield ind1=" " ind2=" " tag="653">
<subfield code="a">Estimulación cognitiva</subfield>
</datafield>
<datafield ind1=" " ind2=" " tag="653">
<subfield code="a">Personas mayores</subfield>
</datafield>
<datafield ind1=" " ind2=" " tag="653">
<subfield code="a">Ictus ACP</subfield>
</datafield>
<datafield ind1=" " ind2=" " tag="653">
<subfield code="a">Pedagogía personalizada</subfield>
</datafield>
<datafield ind1=" " ind2=" " tag="653">
<subfield code="a">Educational intervention</subfield>
</datafield>
<datafield ind1=" " ind2=" " tag="653">
<subfield code="a">Cognitive stimulation</subfield>
</datafield>
<datafield ind1=" " ind2=" " tag="653">
<subfield code="a">Elderly people</subfield>
</datafield>
<datafield ind1=" " ind2=" " tag="653">
<subfield code="a">Stroke ACP</subfield>
</datafield>
<datafield ind1=" " ind2=" " tag="653">
<subfield code="a">Personalised pedagogy</subfield>
</datafield>
<datafield tag="245" ind1="0" ind2="0">
<subfield code="a">Diseño de un programa de intervención cognitiva basado en estrategias pedagógicas para personas mayores con ictus en la arteria cerebral posterior</subfield>
</datafield>
</record></metadata></record></GetRecord></OAI-PMH>